[Event "Noale Szabados Memorial-B 1st"]
[Site "Noale"]
[Date "2008.02.09"]
[Round "3"]
[White "Goattin, Luca"]
[Black "Sorbera, Enrico"]
[Result "1-0"]
[WhiteElo "1774"]
[BlackElo "1720"]
[PlyCount "73"]
[EventDate "2008.02.08"]
[EventType "swiss"]
[EventRounds "5"]
[EventCountry "ITA"]
[SourceTitle "EXT 2022"]
[Source "ChessBase"]
[SourceDate "2021.10.06"]
[SourceVersion "1"]
[SourceVersionDate "2021.10.06"]
[SourceQuality "1"]

1. e4 d6 2. d4 c6 3. Nc3 Nd7 4. f4 e5 5. Nf3 Qc7 6. Bd3 Ngf6 7. 0-0 b5 8. Ne2 Bb7 9. c3 a6 10. Ng3 c5 11. h3 h5 12. d5 c4 13. Bc2 a5 14. Qe1 Nc5 15. fxe5 dxe5 16. Bg5 Be7 17. Nf5 0-0 18. Nxe7+ Qxe7 19. Nh4 Ncd7 20. Qg3 Qd6 21. Nf5 Qa6 22. Bh6 g6 23. Bxf8 Rxf8 24. Qg5 Nh7 25. Qg3 Qb6+ 26. Kh1 Qc5 27. Nh4 Bc8 28. Rf3 Nhf6 29. Raf1 Qd6 30. Nf5 Qb6 31. Ne7+ Kg7 32. Nc6 Bb7 33. Nxe5 Nxe5 34. Qxe5 Re8 35. Qxf6+ Qxf6 36. Rxf6 Re7 37. Rb6 1-0

[Event "Treviso TWE op-B 31st"]
[Site "Treviso"]
[Date "2007.12.09"]
[Round "4.1"]
[White "Sorbera, Enrico"]
[Black "Sorbera, Giovanni"]
[Result "1/2-1/2"]
[WhiteElo "1600"]
[BlackElo "1689"]
[PlyCount "22"]
[EventDate "2007.12.07"]
[EventType "swiss"]
[EventRounds "5"]
[EventCountry "ITA"]
[SourceTitle "EXT 2024"]
[Source "ChessBase"]
[SourceDate "2023.10.10"]
[SourceVersion "1"]
[SourceVersionDate "2023.10.10"]
[SourceQuality "1"]

1. g3 d5 2. Bg2 e5 3. d3 c5 4. Nf3 Nc6 5. c3 f5 6. e4 dxe4 7. dxe4 Qxd1+ 8. Kxd1 fxe4 9. Ng5 Bg4+ 10. Kc2 Nf6 11. Nd2 Be7 1/2-1/2

[Event "Treviso TWE op-B 31st"]
[Site "Treviso"]
[Date "2007.12.08"]
[Round "2.1"]
[White "Zangrando, Gianpietro"]
[Black "Sorbera, Enrico"]
[Result "0-1"]
[WhiteElo "1837"]
[BlackElo "1600"]
[PlyCount "60"]
[EventDate "2007.12.07"]
[EventType "swiss"]
[EventRounds "5"]
[EventCountry "ITA"]
[SourceTitle "EXT 2024"]
[Source "ChessBase"]
[SourceDate "2023.10.10"]
[SourceVersion "1"]
[SourceVersionDate "2023.10.10"]
[SourceQuality "1"]

1. c4 d6 2. Nc3 c6 3. g3 Nd7 4. Bg2 e5 5. e3 Be7 6. Nge2 f5 7. a4 Ngf6 8. a5 Rb8 9. d3 Qc7 10. 0-0 a6 11. b4 b6 12. b5 cxb5 13. axb6 Rxb6 14. cxb5 axb5 15. Nd5 Nxd5 16. Bxd5 Bb7 17. Be6 Rf8 18. d4 Qc6 19. d5 Qc4 20. Bb2 Nc5 21. Rc1 Qb3 22. Qxb3 Nxb3 23. Rc7 Nc5 24. Ra1 Kd8 25. Rxb7 Rxb7 26. Ra8+ Kc7 27. Rxf8 Bxf8 28. Bxf5 g6 29. Bh3 Nd3 30. Bc1 Ra7 0-1

[Event "Treviso TWE op-B 30th"]
[Site "Treviso"]
[Date "2006.12.09"]
[Round "3.15"]
[White "Basset, Sergio"]
[Black "Sorbera, Enrico"]
[Result "1-0"]
[WhiteElo "1619"]
[BlackElo "1344"]
[PlyCount "111"]
[EventDate "2006.12.08"]
[EventType "swiss"]
[EventRounds "5"]
[EventCountry "ITA"]
[SourceTitle "EXT 2024"]
[Source "ChessBase"]
[SourceDate "2023.10.10"]
[SourceVersion "1"]
[SourceVersionDate "2023.10.10"]
[SourceQuality "1"]

1. d4 g6 2. c4 Bg7 3. Nc3 d6 4. e4 Nf6 5. Be2 0-0 6. Bg5 Nbd7 7. Qd2 c5 8. d5 Re8 9. h4 Ne5 10. Nf3 Neg4 11. Nh2 Nxh2 12. Rxh2 Ng4 13. Rh1 Ne5 14. h5 Bd7 15. hxg6 fxg6 16. 0-0-0 Nf7 17. Be3 Qa5 18. Kb1 Bxc3 19. Qxc3 Qxc3 20. bxc3 a6 21. Rd2 b5 22. Rb2 Reb8 23. f4 bxc4 24. Bxc4 Rxb2+ 25. Kxb2 Rb8+ 26. Kc2 Bb5 27. Bxb5 Rxb5 28. Rb1 Nh6 29. c4 Rxb1 30. Kxb1 Ng4 31. Bg1 Nf6 32. e5 Ne4 33. Kc2 Kf7 34. Kd3 Ng3 35. Bf2 Nh5 36. Ke4 Ng7 37. g4 Ke8 38. f5 gxf5+ 39. gxf5 Kd7 40. e6+ Ke8 41. Kf4 Nh5+ 42. Kg5 Nf6 43. Kf4 Kf8 44. Be1 Kg7 45. Bc3 h6 46. a4 Kf8 47. Bxf6 h5 48. Bh4 a5 49. Kg5 Kg7 50. Kxh5 Kf8 51. Kg6 Ke8 52. Kg7 Kd8 53. Kf7 Kc7 54. Bxe7 Kc8 55. Bxd6 Kb7 56. Bxc5 1-0